| 000 | 00763 a2200241 4500 | ||
|---|---|---|---|
| 999 |
_c12155 _d12155 |
||
| 003 | OSt | ||
| 005 | 20231117163318.0 | ||
| 008 | 231117b ||||| |||| 00| 0 eng d | ||
| 020 | _a9781032084329 | ||
| 040 | _aBMSCA | ||
| 041 | _aeng | ||
| 082 |
_a720.28 _bGRO |
||
| 100 | _aMarta Brković Dodig; Linda N. Groat | ||
| 245 |
_aThe Routledge Companion to Games in Architecture and Urban Planning _bTools for Design, Teaching, and Research. |
||
| 260 |
_bRoutledge; _c2021. _aNew york: |
||
| 300 |
_aXIX,253p.: _c19cm. |
||
| 650 | _2Simulation games in education | ||
| 650 | _2Architectural models | ||
| 650 | _2Architecture--Simulation methods | ||
| 650 | _2City planning--Simulation methods | ||
| 650 | _2City planning--Simulation games | ||
| 942 | _2ddc | ||